Años decisivos
El historiador Gabriel Di Meglio presenta una descripción profunda de acontecimientos políticos, sociales, económicos y culturales en los que todo pareció cambiar. Años decisivos recupera las visiones de quienes fueron protagonistas de lo que estaba ocurriendo en esos momentos claves de la historia...
Guardado en:
| Autor Principal: | |
|---|---|
| Autores Corporativos: | , , |
| Otros Autores: | , |
| Formato: | |
| Idioma: | Undetermined |
| Publicado: |
Buenos Aires,
2012.
|
| Materias: | |
| Acceso en línea: | http://encuentro.gob.ar/programas/serie/8279 |
| Etiquetas: |
Agregar Etiqueta
Sin Etiquetas, Sea el primero en etiquetar este registro!
|
| LEADER | 02092ngm a22003975a 4500 | ||
|---|---|---|---|
| 001 | CEM.cems019552 | ||
| 008 | 220914s2012####ag#---############vlund#d | ||
| 005 | 20220915194146.0 | ||
| 245 | 1 | 0 | |a Años decisivos |h [videograbación] / |c Sebastián Mignona. |
| 260 | |a Buenos Aires, |c 2012. | ||
| 300 | |a 13'. | ||
| 505 | 0 | |a 01. Año 1768 -- 02. Año 1776 -- 03. Año 1781 -- 04. Año 1806 -- 05. Año 1810 -- 06. Año 1816 -- 07. Año 1820 -- 08. Año 1831 -- 09. Año 1842 -- 10. Año 1852 -- 11. Año 1862 -- 12. Año 1880 -- 13. Año 1890 -- 14. Año 1912 -- 15. Año 1916 -- 16. Año 1930 -- 17. Año 1945 -- 18. Año 1955 -- 19. Año 1969 -- 20. Año 1973 -- 21. Año 1976 -- 22. Año 1982 -- 23. Año 1983 -- 24. Año 1989 -- 25. Año 2001 -- 26. Año 2003 -- Duración aproximada por capítulo 13 minutos. Duración total aproximada: 6 horas 40 minutos | |
| 520 | |a El historiador Gabriel Di Meglio presenta una descripción profunda de acontecimientos políticos, sociales, económicos y culturales en los que todo pareció cambiar. Años decisivos recupera las visiones de quienes fueron protagonistas de lo que estaba ocurriendo en esos momentos claves de la historia argentina. | ||
| 590 | |a Identificación anterior: D 171 | ||
| 538 | |a Soporte: DVD -- Formato: AVI -- Peso: 2.90gb -- Resolución: 720 x 540 -- 25 fps | ||
| 100 | 1 | |a Mignona, Sebastián. | |
| 700 | 1 | |a Lauría, Eva; Producción ejecutiva. | |
| 710 | 2 | |a Canal Encuentro. | |
| 710 | 2 | |a Anses. | |
| 710 | 2 | |a El perro en la Luna. | |
| 700 | 1 | |a Di Meglio, Gabriel; Conducción y Coordinación de contenidos. | |
| 653 | |a ARGENTINA | ||
| 653 | |a HISTORIA | ||
| 653 | |a ALZAMIENTOS INDÍGENAS | ||
| 653 | |a VIRREINATO | ||
| 653 | |a REVOLUCIÓN DE MAYO | ||
| 653 | |a FEDERALES | ||
| 653 | |a LEY SAÉNZ PEÑA | ||
| 653 | |a DÉCADA INFAME | ||
| 653 | |a PERONISMO | ||
| 653 | |a DICTADURA | ||
| 653 | |a GUERRA DE MALVINAS | ||
| 653 | |a DEMOCRACIA | ||
| 653 | |a NEOLIBERALISMO | ||
| 856 | |u http://encuentro.gob.ar/programas/serie/8279 | ||
| 859 | |a CEMS |b BIB. CEMS - Depto. Recursos Didacticos |h 982 |i MIG |k DRD |p 2888.22 | ||
